000 00805nam a22002171i 4500
001 18660
090 _a18660
100 _a20170304u u u0frey50 ba
101 0 _apor
200 1 _fRaúl Correia
_aCada qual no seu lugar
_aDuas raposas diferentes
_aA pele de leopardo
_aO cão e o gato
_aO lobo sabichão
_aOs macacos observadores
_aO espantalho
_aO galo invejoso
_aO sonho do contador de fábulas
_gil. Carlos Alberto Santos
210 _cAmigos do Livro
_aLisboa
215 _a[34] p.
_c il.
_d27 cm
225 _aAs histórias do avozinho
300 _aExemplar nº 0003993 em depósito / caixa 157
606 _9187
_aHistórias para crianças
675 _a8:087.5
_969
700 1 _aCorreia
_bRaúl
_4070
_f1904-1985
701 1 _aSantos
_bCarlos Alberto
_4440
801 _aPT
_gRPC
990 _cLIVROS
994 _aCOMP